[Event "Let's Play Chess!"]
[Site "http://www.queenalice.com/game.php?id=1789956"]
[Date "2022.6.7"]
[Round "-"]
[White "Charles56"]
[Black "fitforlife"]
[Result "0-1"]
[WhiteElo "1766"]
[BlackElo "1956"]

1. Nc3 d5 2. d4 Nf6 3. h3 e6 4. Bg5 Be7 5. e3 O-O 6. Bd3 c5 7. dxc5 Bxc5 8. Nf3
Nc6 9. a3 b6 10. Qd2 Bb7 11. Bf4 Re8 12. O-O-O e5 13. Bxh7+ Nxh7 14. Bh2 Nf6 15.
Nxd5 e4 16. Ng5 Qxd5 17. Qxd5 Nxd5 18. Rxd5 f6 19. b4 Bf8 20. Rhd1 fxg5 21. Rxg5
Be7 22. Rh5 a5 23. b5 Bxa3+ 24. Kb1 Nb4 25. Bc7 Rac8 26. Bxb6 Rxc2 27. Bxa5 Rb2+
0-1

[Event "AUTO-MASTER-3134"]
[Site "http://www.queenalice.com/game.php?id=1799057"]
[Date "2022.11.2"]
[Round "1"]
[White "Amedeo"]
[Black "fitforlife"]
[Result "1-0"]
[WhiteElo "2142"]
[BlackElo "1964"]

1. d4 d5 2. c4 Nf6 3. cxd5 Nxd5 4. Nf3 Nc6 5. e4 Nb6 6. d5 Nb8 7. a4 e6 8. a5
N6d7 9. dxe6 fxe6 10. Bc4 Nf6 11. Qb3 Qe7 12. Nc3 Qb4 13. Qa2 Qe7 14. e5 Ng8 15.
O-O Nc6 16. Rd1 g6 17. Bg5 Qf7 18. a6 b6 19. Qa4 Bd7 20. Bb5 1-0

[Event "AUTO-MASTER-3134"]
[Site "http://www.queenalice.com/game.php?id=1799058"]
[Date "2022.11.2"]
[Round "1"]
[White "fitforlife"]
[Black "Amedeo"]
[Result "0-1"]
[WhiteElo "1955"]
[BlackElo "2165"]

1. Nf3 c5 2. c4 Nf6 3. Nc3 d5 4. cxd5 Nxd5 5. e4 Nb4 6. d3 N4c6 7. Be3 Nd4 8.
Be2 Nbc6 9. O-O g6 10. a3 Bg7 11. Rc1 O-O 12. h3 Be6 13. Bxd4 Nxd4 14. Nxd4 Qxd4
15. Bf3 Rad8 16. Be2 b6 17. Qc2 h5 18. Kh1 Qf6 19. f4 Qh4 20. f5 Be5 21. fxe6
Qg3 22. Kg1 fxe6 23. Bf3 Qh2+ 24. Kf2 Rxf3+ 0-1

[Event "AUTO-MASTER-3134"]
[Site "http://www.queenalice.com/game.php?id=1799069"]
[Date "2022.11.2"]
[Round "1"]
[White "zeitnot13"]
[Black "fitforlife"]
[Result "1-0"]
[WhiteElo "2123"]
[BlackElo "1964"]

1. d4 d5 2. Bf4 Nf6 3. e3 Bg4 4. f3 Bf5 5. Nc3 e6 6. g4 Bg6 7. h4 h6 8. Bd3 Bxd3
9. Qxd3 Nc6 10. Nge2 Qd7 11. O-O-O Bd6 12. Bxd6 cxd6 13. Nf4 O-O-O 14. g5 hxg5
15. hxg5 Ne8 16. Rxh8 1-0

[Event "AUTO-MASTER-3134"]
[Site "http://www.queenalice.com/game.php?id=1799070"]
[Date "2022.11.2"]
[Round "1"]
[White "fitforlife"]
[Black "zeitnot13"]
[Result "0-1"]
[WhiteElo "1964"]
[BlackElo "2138"]

1. Nf3 Nf6 2. d4 d5 3. c4 c6 4. Nc3 e6 5. Bg5 h6 6. Bf4 dxc4 7. a4 Bb4 8. e3 Nd5
9. Rc1 b5 10. Be2 Bxc3+ 11. bxc3 Nxf4 12. axb5 Nxe2 13. Qxe2 cxb5 14. O-O Bb7
0-1

[Event "AUTO-MASTER-3134"]
[Site "http://www.queenalice.com/game.php?id=1799075"]
[Date "2022.11.2"]
[Round "1"]
[White "stoyan1"]
[Black "fitforlife"]
[Result "1-0"]
[WhiteElo "2028"]
[BlackElo "1947"]

1. e4 c5 2. Bc4 e6 3. Nf3 Nc6 4. O-O g6 5. d4 cxd4 6. Nxd4 Bg7 7. Nb5 Be5 8. f4
Bc7 9. b3 d6 10. f5 Ne5 11. Bb2 a6 12. Nxc7+ Qxc7 13. fxe6 fxe6 14. Bxe5 dxe5
15. Qf3 Nh6 16. Qf6 Qf7 17. Qxh8+ Qg8 18. Qxe5 b5 19. Bd5 1-0

[Event "AUTO-MASTER-3134"]
[Site "http://www.queenalice.com/game.php?id=1799076"]
[Date "2022.11.2"]
[Round "1"]
[White "fitforlife"]
[Black "stoyan1"]
[Result "1-0"]
[WhiteElo "1976"]
[BlackElo "2116"]

1. Nf3 d5 2. d4 Nc6 3. c4 dxc4 4. Nc3 Nf6 5. e3 Na5 6. Qa4+ c6 7. Be2 Bd7 8. O-O
c5 9. Qc2 Qc7 10. d5 e6 11. e4 e5 12. Bg5 h6 13. Bxf6 gxf6 14. Nd2 b5 15. a3 a6
16. Bf3 h5 17. h4 Bg4 18. Rfe1 O-O-O 19. Bxg4+ hxg4 20. g3 Nb3 21. Nxb3 cxb3 22.
Qxb3 c4 23. Qd1 Qd7 24. Qe2 Rh5 25. Nd1 Bc5 26. Ne3 Qa7 27. Qxg4+ f5 28. Qxh5 f4
29. Qf5+ Kb8 30. Qxe5+ Bd6 31. Qf6 Qc7 32. Nf5 fxg3 33. fxg3 Bxg3 34. Rf1 Be5
35. Qxa6 Bd4+ 36. Kh1 Qe5 37. Qxb5+ Ka7 38. Nd6 1-0

[Event "AUTO-OPEN-4401"]
[Site "http://www.queenalice.com/game.php?id=1799149"]
[Date "2022.11.3"]
[Round "1"]
[White "fitforlife"]
[Black "maurice916"]
[Result "1-0"]
[WhiteElo "1993"]
[BlackElo "1909"]

1. Nf3 b5 2. e4 a6 3. d4 Bb7 4. Bd3 e6 5. O-O c5 6. Be3 cxd4 7. Bxd4 Nf6 8. Nbd2
Be7 9. Re1 Nc6 10. Bxf6 Bxf6 11. e5 Be7 12. a3 d5 13. b4 O-O 14. Nb3 Rc8 15.
Nbd4 Qd7 16. c3 f5 17. Rc1 Bd8 18. Nxc6 Rxc6 19. Nd4 Rc8 20. f4 Bh4 21. g3 Be7
22. g4 Bh4 23. Rf1 Be7 24. g5 Bd8 25. h4 g6 26. h5 Bxg5 27. fxg5 Qe7 28. h6
Qxg5+ 29. Kf2 Qxh6 30. Nxe6 Qh2+ 31. Ke1 Qxe5+ 32. Qe2 Qxe2+ 33. Bxe2 Rfe8 34.
Nd4 Re3 35. Rf3 Re4 36. Kf2 Rh4 37. Ke1 Re8 38. Kd2 Rhe4 39. Bd3 Rh4 40. Re1
Rxe1 41. Kxe1 Rh1+ 42. Rf1 Rh3 43. Rf3 Rh4 44. Re3 Kf7 45. Re2 h5 46. Ne6 Kf6
47. Nc5 Bc8 48. a4 d4 49. axb5 axb5 50. cxd4 f4 51. d5 f3 52. Rf2 Rh1+ 53. Kd2
Bg4 54. Bxb5 Ra1 55. Bc4 Ke5 56. b5 Kd4 57. Nb3+ 1-0

[Event "AUTO-OPEN-4401"]
[Site "http://www.queenalice.com/game.php?id=1799150"]
[Date "2022.11.3"]
[Round "1"]
[White "maurice916"]
[Black "fitforlife"]
[Result "0-1"]
[WhiteElo "1897"]
[BlackElo "1926"]

1. b4 e5 2. Bb2 d6 3. e3 Nf6 4. c4 Be7 5. d3 O-O 6. Nf3 Bg4 7. Be2 Nbd7 8. Nc3
c6 9. O-O Re8 10. a4 b6 11. Re1 d5 12. h3 Be6 13. a5 Bxb4 14. axb6 Qxb6 15. Qc2
h6 16. Rab1 Qc7 17. Red1 a5 18. Rbc1 Rec8 19. d4 e4 20. Nd2 Nh7 21. Rf1 c5 22.
dxc5 Qxc5 23. Na4 Qc6 24. Bd4 Bxd2 25. Qxd2 Qxa4 26. c5 Qc6 27. Rb1 a4 28. Qc3
Nhf6 29. Bb5 Qc7 30. Rfc1 Rcb8 31. Qa3 Ra5 32. Bxd7 Nxd7 33. Qc3 f6 34. Rxb8+
Nxb8 35. Rb1 Nc6 36. Rb6 Ra8 37. Qa1 Bd7 38. Bc3 Ne5 39. Qa2 Qxc5 40. Bd4 Qc4
41. Qa3 Ra6 42. Rb8+ Kh7 43. Qf8 Qc1+ 44. Kh2 Qc7 45. Qh8+ Kg6 46. g3 Nf3+ 47.
Kg2 Qc1 48. Rb7 Qg1# 0-1

[Event "AUTO-OPEN-4401"]
[Site "http://www.queenalice.com/game.php?id=1799151"]
[Date "2022.11.3"]
[Round "1"]
[White "fitforlife"]
[Black "cerenzo72"]
[Result "1-0"]
[WhiteElo "1943"]
[BlackElo "2151"]

1. Nf3 Nf6 2. d4 g6 3. c4 Bg7 4. Nc3 d6 5. e3 O-O 6. Bd3 Nc6 7. O-O Nb4 8. Be2
Bf5 9. Bd2 Re8 10. a3 Nd3 11. Bxd3 Bxd3 12. Re1 e5 13. d5 c6 14. b3 cxd5 15.
cxd5 e4 16. Nd4 Nd7 17. Rc1 a6 18. Nce2 Ne5 19. h3 a5 20. Nf4 b6 21. Nc6 Qg5 22.
Nxe5 Bxe5 23. Nxd3 exd3 24. f4 Qf5 25. fxe5 dxe5 26. e4 Qd7 27. Rc3 Qb5 28. Re3
a4 29. b4 Rac8 30. Rcxd3 Rc4 31. Qe2 Rec8 32. d6 Rd4 33. Rxd4 exd4 34. Qxb5 1-0

[Event "AUTO-OPEN-4401"]
[Site "http://www.queenalice.com/game.php?id=1799152"]
[Date "2022.11.3"]
[Round "1"]
[White "cerenzo72"]
[Black "fitforlife"]
[Result "0-1"]
[WhiteElo "2132"]
[BlackElo "1967"]

1. e4 c5 2. Nf3 Nc6 3. g3 d6 4. Bg2 Nf6 5. Nc3 e5 6. O-O Be7 7. b3 O-O 8. Bb2
Bg4 9. d3 Nd4 10. Rc1 a6 11. a4 b5 12. axb5 axb5 13. Nb1 b4 14. c3 Nxf3+ 15.
Bxf3 Bh3 16. Re1 Qd7 17. Nd2 Ra2 18. Nc4 bxc3 19. Bxc3 Qd8 20. b4 cxb4 21. Bxb4
Qd7 22. Na5 Qa7 23. Re2 Rxa5 24. Bxa5 Qxa5 25. Rec2 Ne8 26. g4 Bg5 27. Ra1 Qd8
28. d4 exd4 29. Ra3 Qf6 30. Bh1 Qe5 31. Rxh3 Nf6 32. f3 Be3+ 33. Kf1 Qb5+ 34.
Kg2 d3 35. Rc3 Qb2+ 36. Kf1 Qf2# 0-1

[Event "AUTO-ADV-4653"]
[Site "http://www.queenalice.com/game.php?id=1799242"]
[Date "2022.11.4"]
[Round "1"]
[White "fitforlife"]
[Black "Fredo"]
[Result "0-1"]
[WhiteElo "1936"]
[BlackElo "2078"]

1. Nf3 Nf6 2. d4 g6 3. Nc3 d5 4. e3 Bg7 5. Bd3 c5 6. O-O c4 7. Be2 O-O 8. Ne5
Nbd7 9. Nxd7 Qxd7 10. Bd2 b5 11. a3 Bb7 12. b4 a5 13. h3 axb4 14. axb4 Rxa1 15.
Qxa1 Ra8 16. Qb2 Bc6 17. Bf3 h5 18. Ra1 Rxa1+ 19. Qxa1 Kh7 20. Qa5 Qb7 21. Bc1
e6 22. Kh1 Bf8 23. Qa1 Bd6 24. g3 Bxb4 25. Bb2 Bd6 26. Ne2 b4 27. c3 b3 28. Kg2
Nd7 29. h4 Qa8 30. Qxa8 Bxa8 31. Ng1 Nb6 32. Kf1 Na4 0-1

[Event "AUTO-ADV-4653"]
[Site "http://www.queenalice.com/game.php?id=1799243"]
[Date "2022.11.4"]
[Round "1"]
[White "Fredo"]
[Black "fitforlife"]
[Result "1-0"]
[WhiteElo "2047"]
[BlackElo "1990"]

1. d4 d5 2. c4 e6 3. Nc3 Nf6 4. Bg5 Be7 5. Nf3 O-O 6. e3 c6 7. Be2 Nbd7 8. O-O
h6 9. Bf4 a6 10. c5 b5 11. a3 a5 12. Qc2 Nh7 13. e4 dxe4 14. Nxe4 Bb7 15. Bd6
Nhf6 16. Bxe7 Qxe7 17. Nd6 Ba6 18. Rfe1 Nd5 19. Rad1 N7f6 20. Ne5 Bb7 21. Rd3 a4
22. Rg3 Ne8 23. Nxb7 Qxb7 24. Qd2 Kh8 25. Bd3 Nef6 26. Rh3 Nd7 27. Ng4 N7f6 28.
Nxh6 b4 29. Nxf7+ Kg8 30. Nd6 Qb8 31. Rxe6 bxa3 32. bxa3 Ra7 33. Qg5 Qb2 34. Qh4
Qc1+ 35. Bf1 Qh6 36. Qg3 Qf4 37. Qg6 Nh5 38. Rf3 Qh6 39. Rxf8+ 1-0

[Event "AUTO-ADV-4653"]
[Site "http://www.queenalice.com/game.php?id=1799244"]
[Date "2022.11.4"]
[Round "1"]
[White "fitforlife"]
[Black "princesher"]
[Result "1-0"]
[WhiteElo "2006"]
[BlackElo "1852"]

1. Nf3 d6 2. d4 h6 3. e4 Bg4 4. Be2 Bxf3 5. Bxf3 g5 6. O-O Bg7 7. Be3 e6 8. Nc3
a6 9. a4 Ne7 10. Bh5 c6 11. Qf3 O-O 12. Qd1 Qd7 13. Bg4 d5 14. exd5 Nxd5 15.
Nxd5 cxd5 16. f4 f5 17. Be2 Nc6 18. c3 g4 19. b4 h5 20. Qe1 Bf6 21. Bf2 h4 22.
Bxh4 Bxh4 23. Qxh4 Rf7 24. Qg3 Ra7 25. a5 Rh7 26. h3 Qg7 27. hxg4 fxg4 28. Qxg4
Qxg4 29. Bxg4 Rh6 30. Rae1 Nd8 31. Re5 Kf7 32. Rfe1 b5 33. f5 Re7 34. fxe6+ Nxe6
35. Rf1+ Ke8 36. Rxd5 Nc7 37. Rdf5 Rh8 38. Bf3 Re3 39. Rc5 Rh7 40. Bc6+ Ke7 41.
Re5+ Rxe5 42. dxe5 Ke6 43. Re1 Rh5 44. Bf3 Rh4 45. Re3 Rh7 46. Bd1 Nd5 47. Bb3
Re7 48. Rd3 Rd7 49. Rxd5 Rxd5 50. Bxd5+ Kxd5 51. Kf2 Kxe5 52. Ke3 Kf5 53. Kd4
Kg4 54. Kc5 Kg3 55. Kb6 Kxg2 56. Kxa6 Kf3 57. Kxb5 Ke4 58. a6 Kd5 59. a7 Kd6 60.
a8=Q Ke5 61. Qd8 Ke4 62. c4 Ke5 63. c5 Ke6 64. c6 Ke5 65. c7 Ke4 66. c8=Q Ke5
67. Qc1 Ke6 68. Qe1+ Kf7 69. Qdd2 Kf6 70. Qdf2+ Kg5 71. Qeg1+ Kh5 72. Qfh2# 1-0

[Event "AUTO-ADV-4653"]
[Site "http://www.queenalice.com/game.php?id=1799245"]
[Date "2022.11.4"]
[Round "1"]
[White "princesher"]
[Black "fitforlife"]
[Result "1/2-1/2"]
[WhiteElo "1870"]
[BlackElo "1998"]

1. e4 c5 2. c3 Nc6 3. Nf3 d6 4. h3 Nf6 5. d3 e6 6. Bg5 Be7 7. Bxf6 Bxf6 8. Be2
O-O 9. a3 Bd7 10. Nbd2 b5 11. Qc2 a5 12. Nh2 Ne7 13. Bf3 e5 14. b3 Ng6 15. Bg4
Be6 16. Bxe6 fxe6 17. Ra2 d5 18. g3 Ne7 19. g4 Bh4 20. Ndf3 Ng6 21. Nxh4 Nxh4
22. O-O Nf3+ 23. Nxf3 Rxf3 24. Kg2 Qf6 25. exd5 exd5 26. Re1 Rf8 27. Re3 Rxe3
28. fxe3 Qf3+ 29. Kh2 Qxe3 30. Qd2 Qf4+ 31. Qxf4 Rxf4 32. Kg3 Rf1 33. Rf2 Rg1+
34. Kh2 Re1 35. Rf3 Re2+ 36. Kg3 e4 37. dxe4 Rxe4 38. Rd3 d4 39. cxd4 c4 40.
bxc4 bxc4 41. Rc3 Rxd4 42. Kf3 g5 43. Kg3 Rd3+ 44. Rxd3 cxd3 45. Kf3 d2 46. Ke2
Kf8 47. Kxd2 Ke7 48. Kd3 Kd6 49. Kc4 Kc6 50. a4 h6 51. Kd4 Kd6 52. Kc4 Kc6 53.
Kd4 Kd6 1/2-1/2

[Event "AUTO-ADV-4653"]
[Site "http://www.queenalice.com/game.php?id=1799246"]
[Date "2022.11.4"]
[Round "1"]
[White "fitforlife"]
[Black "NickThorp"]
[Result "1-0"]
[WhiteElo "1941"]
[BlackElo "1569"]

1. Nf3 d5 2. d4 Nc6 3. c4 e6 4. Nc3 Nf6 5. cxd5 exd5 6. Bg5 Be7 7. e3 Bg4 8. Be2
Ne4 9. Bxe7 Qxe7 10. Nxd5 Qd7 11. Nc3 Nxc3 12. bxc3 O-O 13. O-O Rfe8 14. Nd2
Bxe2 15. Qxe2 h6 16. e4 a6 17. f4 Rad8 18. a4 f6 19. Qf3 Na5 20. Qd3 c5 21. d5
b6 22. Qxa6 Qd6 23. Qd3 c4 24. Nxc4 Nxc4 25. Qxc4 Rc8 26. Qd3 Qc5+ 27. Kh1 Qxc3
28. Qe2 f5 29. e5 g6 30. d6 Re6 31. Qb5 Qe3 32. Qd5 Kf7 33. Qb7+ Kf8 34. Qd5
Ree8 35. d7 Rcd8 36. dxe8=Q+ Rxe8 37. Qd6+ Kf7 38. Qf6+ Kg8 39. Qxg6+ Kf8 40.
Qxf5+ Ke7 41. Qf6+ Kd7 42. Qd6+ Kc8 43. Rfc1+ Kb7 44. Qc6+ Ka6 45. Qxh6 Rb8 46.
a5 Ka7 47. axb6+ Kb7 48. Qc6# 1-0

[Event "AUTO-ADV-4653"]
[Site "http://www.queenalice.com/game.php?id=1799247"]
[Date "2022.11.4"]
[Round "1"]
[White "NickThorp"]
[Black "fitforlife"]
[Result "0-1"]
[WhiteElo "1540"]
[BlackElo "1934"]

1. e4 c5 2. Nf3 Nc6 3. Bb5 d6 4. h3 e5 5. d3 Qc7 6. Nc3 Nf6 7. Bg5 Be7 8. Nd5
Qd7 9. Nxf6+ Bxf6 10. Bxf6 gxf6 11. Qd2 a6 12. Ba4 b5 13. Bb3 Bb7 14. O-O O-O-O
15. a3 Rdg8 16. c4 Qxh3 17. g3 Kb8 18. cxb5 axb5 19. Bxf7 Rg7 20. Bd5 Qg4 21.
Nh2 Qh3 22. b4 Nd4 23. bxc5 Bxd5 24. exd5 dxc5 25. a4 Qxh2+ 26. Kxh2 Nf3+ 27.
Kg2 Nxd2 28. Rfd1 Nb3 29. Rab1 bxa4 30. Kf3 Kc7 31. Ke4 Kd6 32. f4 Rxg3 33.
fxe5+ fxe5 34. Rf1 Nd2+ 35. Kf5 Nxf1 36. Rxf1 Rf8+ 0-1

[Event "AUTO-OPEN-4424"]
[Site "http://www.queenalice.com/game.php?id=1806186"]
[Date "2023.2.16"]
[Round "1"]
[White "steinie"]
[Black "fitforlife"]
[Result "1-0"]
[WhiteElo "2075"]
[BlackElo "1982"]

1. Nc3 d5 2. d4 Nf6 3. f4 e6 4. e3 c5 5. Nf3 Nc6 6. Bd2 c4 7. Be2 Bd6 8. b3 cxb3
9. cxb3 O-O 10. Rf1 a6 11. Bd3 1-0

[Event "AUTO-OPEN-4424"]
[Site "http://www.queenalice.com/game.php?id=1806187"]
[Date "2023.2.16"]
[Round "1"]
[White "fitforlife"]
[Black "steinie"]
[Result "0-1"]
[WhiteElo "1970"]
[BlackElo "2087"]

1. Nf3 d6 2. d4 Bg4 3. e4 Nc6 4. Be2 e5 5. Be3 Nf6 6. d5 Nxe4 7. dxc6 bxc6 8.
O-O Qb8 9. b3 Be7 10. Nbd2 Nc3 11. Qe1 Bf6 12. h3 Bf5 0-1

[Event "AUTO-OPEN-4424"]
[Site "http://www.queenalice.com/game.php?id=1806212"]
[Date "2023.2.16"]
[Round "1"]
[White "SGF"]
[Black "fitforlife"]
[Result "0-1"]
[WhiteElo "1722"]
[BlackElo "1976"]

1. e4 c5 2. Qf3 Nc6 3. c3 Nf6 4. d3 d6 5. Bg5 Ne5 6. Qg3 e6 7. Nd2 Be7 8. f3 O-O
9. h4 Nh5 10. Bxe7 Nxg3 11. Bxd8 Rxd8 12. Rh3 Nh5 13. g4 Nf4 14. Rg3 Nexd3+ 15.
Bxd3 Nxd3+ 16. Ke2 Nxb2 17. g5 Na4 18. c4 Bd7 19. h5 Rf8 20. g6 fxg6 21. hxg6 h6
22. Nh3 b5 23. Nf4 Rxf4 24. cxb5 Bxb5+ 25. Ke3 e5 26. Rb1 a6 27. Rb3 Nb6 28. Rb1
Rb8 29. Rb3 c4 30. Rg4 cxb3 31. axb3 Rbf8 32. Rxf4 exf4+ 33. Kd4 Rd8 34. b4 h5
35. Nb3 h4 36. Nd2 h3 37. e5 dxe5+ 38. Kc5 Rxd2 39. Kxb6 h2 40. Ka5 h1=Q 41. Kb6
Qxf3 42. Ka5 Qb3 43. Kb6 Rd6+ 44. Kc7 Qe6 45. Kb7 Rd7+ 46. Kc8 Qe8# 0-1

[Event "AUTO-OPEN-4424"]
[Site "http://www.queenalice.com/game.php?id=1806213"]
[Date "2023.2.16"]
[Round "1"]
[White "fitforlife"]
[Black "SGF"]
[Result "1/2-1/2"]
[WhiteElo "1987"]
[BlackElo "1711"]

1. Nf3 f6 2. d4 d5 3. e3 Bg4 4. Be2 h5 5. O-O h4 6. h3 Bxf3 7. Bxf3 e6 8. Bh5+
Ke7 9. Be2 g5 10. c4 a6 11. Nc3 c6 12. a4 Nd7 13. c5 b5 14. a5 b4 15. Nb1 Qb8
16. b3 Kd8 17. Bd2 Rh6 18. Ra4 f5 19. Rxb4 Qc7 20. Qc1 Rb8 21. Rxb8+ Qxb8 22.
Qc2 Ngf6 23. Nc3 Ne4 24. Nxe4 dxe4 25. Bxa6 e5 26. Bc4 exd4 27. exd4 Nf6 28.
Bxg5 Rg6 29. Bxh4 Be7 30. a6 Kc7 31. Bg3+ Bd6 32. Bxd6+ Kc8 33. Bxb8 Kxb8 34.
Qa2 Ka7 35. Qa5 Nd5 36. Qd8 Rg7 37. Bxd5 cxd5 38. Ra1 f4 39. Qb6+ Ka8 40. c6 f3
41. g3 e3 42. fxe3 Rxg3+ 43. Kf2 Rg2+ 44. Kxf3 Rg3+ 45. Ke2 Rxe3+ 46. Kxe3
1/2-1/2

[Event "AUTO-OPEN-4424"]
[Site "http://www.queenalice.com/game.php?id=1806230"]
[Date "2023.2.16"]
[Round "1"]
[White "fitforlife"]
[Black "Kapablanca"]
[Result "0-1"]
[WhiteElo "2016"]
[BlackElo "2035"]

1. Nf3 d5 2. d4 e6 3. c4 c6 4. Nc3 f5 5. cxd5 cxd5 6. Bf4 a6 7. e3 Nf6 8. Bd3
Bd6 9. Ne5 O-O 10. O-O Qe7 11. a3 Nbd7 12. Nxd7 Bxd7 13. Qf3 Ne4 14. Bxd6 Qxd6
15. Rfd1 Rf6 16. Bxe4 fxe4 17. Qe2 Rh6 18. g3 Rf8 19. a4 Rhf6 20. Rf1 Rf3 21. a5
h5 22. h4 R8f6 23. Qd1 Rg6 24. Ne2 Rg4 25. Nf4 Qe7 26. Ng2 g5 27. Qb3 Bc6 28.
Kh2 gxh4 29. Nxh4 Rxh4+ 30. gxh4 Qxh4+ 0-1

[Event "AUTO-OPEN-4424"]
[Site "http://www.queenalice.com/game.php?id=1806231"]
[Date "2023.2.16"]
[Round "1"]
[White "Kapablanca"]
[Black "fitforlife"]
[Result "1-0"]
[WhiteElo "2050"]
[BlackElo "2001"]

1. d4 d5 2. c4 Nf6 3. Nc3 e6 4. cxd5 exd5 5. Nf3 Be7 6. e3 O-O 7. Bd3 Bg4 8. O-O
Nc6 9. h3 Bxf3 10. Qxf3 Re8 11. Bb5 Qd6 12. Bd2 a6 13. Bxc6 Qxc6 14. Rfc1 Qd7
15. Ne2 Ne4 16. Be1 Bd6 17. Nf4 c6 18. Nd3 Ng5 19. Qg4 Qxg4 20. hxg4 Re6 21. Bb4
Rae8 22. Bxd6 Rxd6 23. Nc5 Re7 24. a4 Ne4 25. b4 Nxc5 26. bxc5 Rg6 27. Ra3 Rxg4
28. Rb3 h5 29. Rcb1 b5 30. cxb6 Rb7 31. a5 h4 32. Rc3 Rg6 33. Rbc1 1-0